000
00301 a2200121 4500
001
155764
040
_c
Escola São Tomás de Aquino
240
1
0
_a
Meu grande livro para aprender
_l
por
245
1
0
_a
Meu grande livro para aprender
440
1
_a
Girassol
697
_a
*LITERATURA INFANTIL
942
_c
BK
999
_c
155764
_d
155764